Sinopsis de la subfamilia Spira Anthoideae (Orchidaceae) en Colombia (Registro nro. 16277)

Detalles MARC
000 -CABECERA
Campo de control 007460000a22002290004500
090 ## - CLASIFICACIÓN LOCAL
Colección As
Consecutivo Seriadas
041 0# - IDIOMA
Código de idioma para texto/pista de sonido o título separado
100 1# - ASIENTO PRINCIPAL--NOMBRE PERSONAL
Nombre personal Dueñas Gómez, Hilda del Carmen
245 10 - MENCION DE TITULO
Título Sinopsis de la subfamilia Spira Anthoideae (Orchidaceae) en Colombia
Version parte II
650 14 - ASIENTO SECUNDARIO DE MATERIA - TERMINO TEMATICO
Término temático o nombre geográfico como elemento de entrada Taxonomía vegetal
650 14 - ASIENTO SECUNDARIO DE MATERIA - TERMINO TEMATICO
Término temático o nombre geográfico como elemento de entrada Nuevos registros
651 #4 - ASIENTO SECUNDARIO DE MATERIA - NOMBRE GEOGRAFICO
-- Colombia
653 ## - TERMINO DE INDIZACION - NO CONTROLADO
-- Spirantheae
653 ## - TERMINO DE INDIZACION - NO CONTROLADO
-- Cyclopogoninae
653 ## - TERMINO DE INDIZACION - NO CONTROLADO
-- Stenorrhynchidinae
653 ## - TERMINO DE INDIZACION - NO CONTROLADO
-- Cranichideae
653 ## - TERMINO DE INDIZACION - NO CONTROLADO
-- Orchidaceae
653 ## - TERMINO DE INDIZACION - NO CONTROLADO
-- Spirantheae
700 1# - ASIENTO SECUNDARIO - NOMBRE PERSONAL
Nombre personal Fernández Alonso, José Luis
773 1# - Item fuente:
Título Revista de la Academia Colombiana de Ciencias Exactas, Físicas y Naturales
Descripción física 127
Paginas del Articulo 157-181
Lugar, editorial y fecha de publicación 2009
Información sobre la relación 33
942 ## - ELEMENTOS ADICIONALES (KOHA)
Tipo de ítem Artículo

No hay ítems disponibles.